000 00294nam a22001337a 4500
008 180104b xxu||||| |||| 00| 0 eng d
020 _a9780078280641
041 _aeng
080 _a34
100 _a14
101 _aJUR
245 _aTHE LIVING CONSTITUTION
_cSCHILLINGS,D
942 _2udc
_cBK
999 _c39720
_d39720